000
00366nam a2200145Ia 4500
008
090124s9999 xx 000 0 und d
082
_b
301742
245
_a
पंचनामा
250
_a
1
260
_b
दिघे प्रभाकर
_c
1986
300
_a
186
630
_a
पंचनामा
730
_a
पंचनामा
942
_c
BOOK
999
_c
191327
_d
191327